| 000 | 00361nam a2200121Ia 4500 | ||
|---|---|---|---|
| 008 | 210430s9999 xx 000 0 und d | ||
| 082 | _a150 S9743 P | ||
| 100 |
_aVirginia Staudt Sexton, Henryk Misiak _9128943 |
||
| 245 |
_aPsychology Around The World / _cVirginia Staudt Sexton |
||
| 260 |
_aIUK _bFlorence, Kentucky _c1976 |
||
| 300 | _a470p | ||
| 942 |
_cBK _2ddc |
||
| 999 |
_c563264 _d563264 |
||